Statystyki dla Wszystkie mecze USA na Mistrzostwach Światach w piłce nożnej

Kliknij tutaj aby rozwiązać quiz!

Ogólne statystyki

  • Ten quiz został rozwiązany 89 razy
    (71 od ostatniego zresetowania)
  • Średni wynik to 26 z 37

Statystyki odpowiedzi

RokWynikReprezentacja% Poprawnych
20021-3Polska
96%
20220-0Anglia
94%
19501-0Anglia
94%
20101-1Anglia
94%
19980-2Niemcy
91%
20140–1Niemcy
91%
20020–1Niemcy
91%
20142-2Portugalia
91%
20023-2Portugalia
91%
19940–1Brazylia
89%
20221-0Iran
87%
19981-2Iran
87%
20021-1Korea Południowa
85%
19301–6Argentyna
83%
20221-3Holandia
79%
20221-1Walia
79%
19501-3Hiszpania
75%
20022-0Meksyk
72%
20061-1Włochy
72%
19341–7Włochy
72%
19900-1Włochy
72%
19303–0Belgia
70%
20141–2 (dogrywka)Belgia
70%
19942-1Kolumbia
62%
20142-1Ghana
60%
20101–2 (dogrywka)Ghana
60%
20061-2Ghana
60%
19502–5Chile
58%
19941-1Szwajcaria
55%
20060-3Czechy
53%
19980-1Jugosławia
51%
19901–2Austria
47%
20101-0Algieria
43%
19940–1Rumunia
43%
19303–0Paragwaj
42%
19901-5Czechosłowacja
38%
20102-2Słowenia
34%

Rozkład punktacji

Percentyl według liczby udzielonych odpowiedzi

Procent ludzi z każdym wynikiem

Twoja historia wyników

Nie rozwiązałeś tego quizu od ostatniego zresetowania